Normal view
MARC view
Entry Personal Name
001 - CONTROL NUMBER
- control field: 5595
003 - CONTROL NUMBER IDENTIFIER
- control field: OSt
005 - DATE AND TIME OF LATEST TRANSACTION
- control field: 20260507111059.0
008 - FIXED-LENGTH DATA ELEMENTS
- fixed length control field: 260507|| aca||aabn | a|a d
040 ## - CATALOGING SOURCE
- Original cataloging agency: OSt
- Transcribing agency: OSt
100 ## - HEADING--PERSONAL NAME
- Personal name: Fülepová, Veronika
670 ## - SOURCE DATA FOUND
- Source citation: Work cat.: (OSt)0: Ferioli, Eliana aut 5586, Citrusy